Open Data Biblioteca Nacional de Portugal


República Portuguesa: Ministério da Cultura
Biblioteca Nacional de Portugal

Catálogo da BNP: acesso por Identificadores Unívocos
Registos Bibliográficos associados ao registo de autoridade

Etiqueta de registo: 00254nam 2200025 450
001 2284212
003 http://id.bnportugal.gov.pt/bib/catbnp/2284212
100 ## $a20260413d2025 k y0pory01030103ba
101 0# $apor$deng
102 ## $aPT
105 ## $aa m 001yy
106 ## $ar
200 1# $a A cooperação entre as bibliotecas públicas e as bibliotecas escolares$epráticas e perspetivas de futuro$fJoão Sebastião Cardoso Azaruja$gorient. Maria Manuel Lopes de Figueiredo Costa Marques Borges, Maria Manuela Barreto Nunes Lopes Esteves
210 #9 $aCoimbra$c[s.n.],$d2025
215 ## $aXIII, [1] 403 f.$cil.$d30 cm
328 #1 $aTese dout. Ciências da Informação, Faculdade de Letras da Universidade de Coimbra, 2025
675 ## $a021.64(469)(043)$vBN$zpor$31996639
675 ## $a027.52(469)(043)$vBN$zpor$31318957
675 ## $a027.8(469)(043)$vBN$zpor$31226145
700 #1 $aAzaruja,$bJoão Sebastião Cardoso$31241210
702 #1 $aBorges,$bMaria Manuel$4727$3199520
702 #1 $aEsteves,$bMaria Manuela Barreto Nunes Lopes$4727$31995491
801 #0 $aPT$bBN$gRPC
966 ## $lBN$mFGMON$x1
971 ## $cisantos$d20260413
973 ## $cigoulao$d20260422

OpendataBNP@bnportugal.pt | Mais informação sobre acesso aos dados BNP